| 000 | 01037aam a2200301 a 4500 | ||
|---|---|---|---|
| 999 |
_c322746 _d322746 |
||
| 003 | BLK | ||
| 005 | 20250225152224.0 | ||
| 008 | 180816b bul||||| |||| 00| 0 bul d | ||
| 020 | _a978-954-389-467-3 | ||
| 040 | _aBLK | ||
| 041 |
_aBUL _cBUL |
||
| 080 |
_aШведска литература _b821.113.6 _x-312.4 _z821.113.6-312.4 |
||
| 100 | 1 |
_aЮрт, Микаел _9144993 |
|
| 139 | _bЮ 33 | ||
| 245 |
_aХората, които не го заслужаваха _cЮрт & Русенфелт ; Прев. от швед. Стела Джелепова. |
||
| 260 |
_bЕра _c2018 |
||
| 300 |
_a383 с. _c21 см |
||
| 380 | _aX | ||
| 500 | _aОриг. загл. De underkanda / Hjorth & Rosenfeldt | ||
| 700 |
_aРусенфелт, Ханс _eсъавт. _91445 |
||
| 700 |
_9381669 _aДжелепова, Стела _eпрев. от швед. |
||
| 765 | _aDe underkanda | ||
| 852 | _aЦб 296031 | ||
| 942 |
_cKNG _2udc _n0 _035 _s1 |
||
| 999 | _d322746 | ||
| 999 | _d322746 | ||
| 944 |
_k30576 _lЦветомила Тодорова |
||